| 000 | 00375nam a2200145Ia 4500 | ||
|---|---|---|---|
| 008 | 240624s9999 xx 000 0 und d | ||
| 041 | _aeng | ||
| 082 | _a658.872 RYA | ||
| 100 | _aRYAN DAMIAN | ||
| 245 | _aBEST DIGITAL MARKETING CAMPAIGNS IN THE | ||
| 250 | _a11 | ||
| 260 |
_c2011 _aNew Delhi _bViva\Kogan Page |
||
| 300 | _avi, : 210 : p. : cm. ; 22 | ||
| 365 |
_cRS _b33.5 |
||
| 999 |
_c17844 _d17844 |
||